[Event "Tournoi Skype 031A"]
[Site "Skype"]
[Date "????.??.??"]
[Round "6.15"]
[White "Graham, Neil"]
[Black "Bagayatkar, Madan"]
[Result "0-1"]
[WhiteElo "1285"]
[BlackElo "1434"]
[PlyCount "66"]

1. d4 d5 2. c4 e6 3. Nc3 Nf6 4. e3 Nbd7 5. Nf3 a6 6. Qc2 c5 7. e4 cxd4 8. Nxd4
dxe4 9. Nxe4 Nxe4 10. Qxe4 Nf6 11. Qd3 Bb4+ 12. Bd2 Bxd2+ 13. Qxd2 Ne4 14. Qe3
Qa5+ 15. Ke2 Nf6 16. Nb3 Qc7 17. Rc1 O-O 18. f3 Bd7 19. Kf2 Bc6 20. Be2 Rad8
21. h4 Nh5 22. Rh3 e5 23. Qg5 g6 24. g4 f6 25. Qe3 Nf4 26. Rh2 e4 27. Rhh1 Nd3+
28. Bxd3 Rxd3 29. Qc5 Rxf3+ 30. Ke2 Qf4 31. Nd2 Rd3 32. Rcd1 Qxg4+ 33. Ke1 e3
0-1

[Event "Tournoi Skype 031A"]
[Site "Skype"]
[Date "????.??.??"]
[Round "6.16"]
[White "Herrera, Oscar"]
[Black "Lucena Vaz, Jose"]
[Result "1-0"]
[WhiteElo "1261"]
[BlackElo "1674"]
[PlyCount "95"]

1. e4 c5 2. Nf3 g6 3. c3 Bg7 4. Bc4 e6 5. d3 Nc6 6. Be3 Qb6 7. Qc2 Nb4 8. cxb4
Qxb4+ 9. Nc3 Ne7 10. O-O O-O 11. a3 Qa5 12. Na4 b5 13. Bxc5 Qxa4 14. Bb3 Qa6
15. Bxe7 Re8 16. Bb4 Bb7 17. Rfe1 Rec8 18. Qd2 Qb6 19. d4 a5 20. Bc5 Qd8 21.
Bd6 Qb6 22. Bc5 Qc7 23. Rac1 d6 24. Bb4 Qb6 25. Rxc8+ Bxc8 26. Bc3 Bb7 27. d5
e5 28. Qg5 b4 29. axb4 axb4 30. Bd2 f6 31. Qg4 Bc8 32. Qh4 h5 33. Rc1 Bd7 34.
g4 Bxg4 35. Ng5 Bh6 36. Ne6 Bxd2 37. Qxf6 Bxe6 38. Qxe6+ Kf8 39. Qf6+ Kg8 40.
Qe6+ Kh7 41. Qf7+ Kh6 42. Rc7 Rh8 43. h4 Qxc7 44. Qxc7 Rf8 45. Qxd6 Rf4 46.
Qxe5 Rg4+ 47. Kf1 Bf4 48. Qh8# 1-0

[Event "Tournoi Skype 031A"]
[Site "Skype"]
[Date "????.??.??"]
[Round "6.18"]
[White "Trivedi, Viral"]
[Black "Khetre, Gaurav"]
[Result "1/2-1/2"]
[WhiteElo "1202"]
[BlackElo "1502"]
[PlyCount "66"]

1. d4 d6 2. Bf4 Nf6 3. e3 g6 4. Be2 Bg7 5. Nf3 b6 6. Nc3 O-O 7. h4 h5 8. Ng5
Bb7 9. Bf3 Bxf3 10. Qxf3 Nbd7 11. Nd5 Nxd5 12. Qxd5 Nf6 13. Qb3 c5 14. c3 cxd4
15. exd4 Qc7 16. Rd1 Rae8 17. O-O Ng4 18. f3 Nf6 19. Rfe1 Rd8 20. Bg3 e5 21.
dxe5 dxe5 22. Rxd8 Rxd8 23. Bxe5 Qc5+ 24. Kh1 Nd5 25. Bxg7 Kxg7 26. Re5 Qd6 27.
f4 f6 28. Ne6+ Kh7 29. Rxd5 Qxd5 30. Nxd8 Qxd8 31. Qf7+ Kh6 32. Qxa7 Qd1+ 33.
Kh2 Qg4 1/2-1/2

[Event "Tournoi Skype 031A"]
[Site "Skype"]
[Date "????.??.??"]
[Round "6.19"]
[White "Marino, Giuseppe"]
[Black "Vasquez Cienfuegos, Oscar"]
[Result "1-0"]
[WhiteElo "1335"]
[BlackElo "1389"]
[PlyCount "107"]

1. e4 Nf6 2. d3 d6 3. Be2 g6 4. Nf3 Nc6 5. c3 Bg7 6. O-O O-O 7. h3 a6 8. Bf4 e5
9. Bg5 Be6 10. Qd2 Qd7 11. Bh6 Rad8 12. Bxg7 Kxg7 13. a3 d5 14. exd5 Bxd5 15.
Qe3 Rfe8 16. Nbd2 Nh5 17. Ne4 Bxe4 18. Qxe4 Nf4 19. Rfd1 Nxe2+ 20. Qxe2 Qe7 21.
Re1 f5 22. Rad1 Qf6 23. Nd2 b5 24. Qf3 g5 25. Nf1 Kg6 26. Ng3 Re6 27. Qh5+ Kg7
28. Qf3 Kg8 29. Qxf5 Qxf5 30. Nxf5 Rf8 31. g4 h5 32. d4 Ree8 33. f3 Kh7 34.
dxe5 Nxe5 35. Kg2 hxg4 36. hxg4 Kg6 37. Rd5 Nc4 38. Rxe8 Rxe8 39. Kf2 Kf6 40.
Rc5 Nxb2 41. Rxc7 Nd3+ 42. Kg2 Re2+ 43. Kg3 Ne5 44. Ra7 Rc2 45. Rxa6+ Kf7 46.
Ra7+ Kf8 47. Rc7 Rd2 48. Re7 Nc4 49. Ra7 Ra2 50. Nd4 Rxa3 51. Rxa3 Nxa3 52. f4
gxf4+ 53. Kxf4 b4 54. cxb4 1-0

[Event "Tournoi Skype 031A"]
[Site "Skype"]
[Date "????.??.??"]
[Round "6.20"]
[White "Carballo, Jorge"]
[Black "Vello, Pablo"]
[Result "1/2-1/2"]
[WhiteElo "1367"]
[BlackElo "1190"]
[PlyCount "129"]

1. d4 Nf6 2. Nf3 e6 3. Bf4 d6 4. h3 c5 5. dxc5 Qa5+ 6. Nc3 Qxc5 7. e3 Bd7 8.
Qd4 Qxd4 9. exd4 a6 10. Bd3 Nc6 11. a3 Be7 12. O-O-O O-O 13. Rhe1 Rac8 14. Ne4
Nxe4 15. Bxe4 d5 16. Bd3 Bf6 17. c3 g6 18. Kb1 Na5 19. Ne5 Ba4 20. Bc2 Bxc2+
21. Kxc2 Bxe5 22. Bxe5 Nc4 23. Bf4 Rc6 24. Bc1 Rfc8 25. Kd3 Na5 26. Re2 Nc4 27.
Rc2 Nd6 28. Bd2 Nf5 29. Rdc1 Kf8 30. Bg5 Ke8 31. g4 Nd6 32. f3 Nc4 33. a4 Kd7
34. b3 Na5 35. b4 Nc4 36. Bf6 Kd6 37. a5 e5 38. dxe5+ Nxe5+ 39. Bxe5+ Kxe5 40.
f4+ Kf6 41. c4 dxc4+ 42. Rxc4 Rd8+ 43. Ke3 Re6+ 44. Re4 Rxe4+ 45. Kxe4 Re8+ 46.
Kf3 Re7 47. g5+ Kg7 48. Rc5 Rd7 49. b5 axb5 50. Rxb5 Re7 51. Kg4 Rd7 52. h4 Rc7
53. h5 gxh5+ 54. Kxh5 Rd7 55. f5 f6 56. Rb6 fxg5 57. Kxg5 Rf7 58. f6+ Kf8 59.
Re6 Rd7 60. Rb6 Rd5+ 61. Kh6 Rd7 62. a6 bxa6 63. Rxa6 Kg8 64. Ra8+ Kf7 65. Ra6
1/2-1/2

[Event "Tournoi Skype 031A"]
[Site "Skype"]
[Date "????.??.??"]
[Round "6.21"]
[White "Resende, Paulo"]
[Black "Kumbhar, Ashok"]
[Result "0-1"]
[WhiteElo "1881"]
[BlackElo "1100"]
[PlyCount "102"]

1. e4 c6 2. d4 d5 3. Nc3 dxe4 4. Nxe4 Bf5 5. Ng3 Bg6 6. Nf3 e6 7. Bd3 Bxd3 8.
Qxd3 c5 9. Be3 Nc6 10. dxc5 Qxd3 11. cxd3 Nb4 12. Kd2 Rd8 13. d4 Bxc5 14. Kc3
Nd5+ 15. Kc4 Nxe3+ 16. fxe3 Bd6 17. Ne4 Nh6 18. Nxd6+ Rxd6 19. b4 Nf5 20. Rhe1
O-O 21. e4 Rc6+ 22. Kb3 Nd6 23. Rad1 Rfc8 24. Re3 a6 25. d5 Rc4 26. e5 Nf5 27.
Red3 exd5 28. Nd4 Nxd4+ 29. Rxd4 Rc3+ 30. Ka4 b6 31. Rxd5 g6 32. Rd8+ Rxd8 33.
Rxd8+ Kg7 34. Rd6 b5+ 35. Ka5 Ra3+ 36. Kb6 Rxa2 37. e6 fxe6 38. Rxe6 Kf7 39.
Rd6 h5 40. Kc5 g5 41. g3 g4 42. Rh6 Rxh2 43. Rxa6 Rh3 44. Rh6 Kg7 45. Rd6 Rxg3
46. Kb6 h4 47. Kxb5 h3 48. Rd7+ Kf6 49. Rd6+ Ke5 50. Rd8 h2 51. Rh8 Rh3 0-1

[Event "Tournoi Skype 031A"]
[Site "Skype"]
[Date "????.??.??"]
[Round "6.22"]
[White "Thoune, Jim"]
[Black "Gadow, Martin"]
[Result "0-1"]
[WhiteElo "1598"]
[BlackElo "1342"]
[PlyCount "104"]

1. d4 Nf6 2. c4 e6 3. Nc3 d5 4. e3 c5 5. Nf3 cxd4 6. exd4 Be7 7. cxd5 Nxd5 8.
Nxd5 Qxd5 9. Be2 Nc6 10. O-O O-O 11. Be3 b6 12. Ne5 Nxe5 13. dxe5 Bb7 14. Qxd5
Bxd5 15. f4 Rac8 16. Bd3 Rfd8 17. Rfd1 Bc5 18. Bf2 Bxf2+ 19. Kxf2 Rc5 20. a3
Bb3 21. Bxh7+ Kxh7 22. Rxd8 Rc2+ 23. Kg1 Rxb2 24. Rd7 a5 25. a4 Bd5 26. Rxd5
exd5 27. Rd1 Rb4 28. Rxd5 Rxf4 29. Rb5 Rxa4 30. Rxb6 Rb4 31. Ra6 Rb5 32. e6
fxe6 33. Rxe6 Rf5 34. Ra6 g6 35. g4 Rb5 36. Kf1 Kh6 37. h4 Rb4 38. Rxa5 Rxg4
39. Kf2 Rxh4 40. Kg3 Rb4 41. Ra6 Kh5 42. Ra2 Rb3+ 43. Kh2 g5 44. Rg2 g4 45. Rg1
Kh4 46. Rh1 Rh3+ 47. Kg2 Rxh1 48. Kxh1 Kg3 49. Kg1 Kf3 50. Kf1 g3 51. Kg1 g2
52. Kh2 Kf2 0-1

[Event "Tournoi Skype 031A"]
[Site "Skype"]
[Date "????.??.??"]
[Round "6.23"]
[White "Pouteau, Pascal"]
[Black "Sharma, Mayank"]
[Result "0-1"]
[WhiteElo "1349"]
[BlackElo "1509"]
[PlyCount "64"]

1. d4 Nf6 2. c4 e6 3. Nc3 d5 4. Nf3 c5 5. Ng5 dxc4 6. e3 Nd5 7. Nxd5 exd5 8.
Nf3 Nc6 9. Be2 Bf5 10. Bd2 Nb4 11. Bxb4 cxb4 12. Qa4+ Qd7 13. Qxd7+ Kxd7 14.
Ne5+ Ke7 15. O-O f6 16. Nf3 Rc8 17. a3 Kf7 18. axb4 a6 19. Ra5 Be6 20. b5 Bb4
21. Ra4 a5 22. Ne1 b6 23. Nc2 Bd6 24. f4 h5 25. Bf3 f5 26. Raa1 h4 27. h3 Kf6
28. Kh2 g5 29. g3 hxg3+ 30. Kxg3 gxf4+ 31. exf4 Rcg8+ 32. Kf2 Rxh3 0-1

[Event "Tournoi Skype 031A"]
[Site "Skype"]
[Date "????.??.??"]
[Round "6.25"]
[White "Ramirez Reina, Orlando"]
[Black "Junqueira, Leonardo De Faria"]
[Result "0-1"]
[WhiteElo "1302"]
[BlackElo "1408"]
[PlyCount "124"]

1. d4 c5 2. dxc5 e6 3. Nf3 Bxc5 4. Bf4 Nc6 5. e3 Nf6 6. Bd3 Qb6 7. Qc1 Nd5 8.
O-O Nxf4 9. exf4 O-O 10. c3 d5 11. b4 Bd6 12. a4 Qc7 13. g3 Bd7 14. Qe3 Rac8
15. Na3 a6 16. Rac1 Qb8 17. Rfe1 Ne7 18. Ne5 Bxe5 19. Qxe5 Qxe5 20. fxe5 Bxa4
21. b5 axb5 22. Nxb5 Bxb5 23. Bxb5 Rc5 24. c4 Rfc8 25. Rb1 dxc4 26. Bd7 R8c7
27. Bb5 Nd5 28. Rec1 c3 29. Kf1 c2 30. Rb2 Nc3 31. Rbxc2 Rxb5 32. Rxc3 Rxc3 33.
Rxc3 g5 34. f4 Rb1+ 35. Kg2 Kg7 36. fxg5 Kg6 37. h4 b5 38. Rf3 b4 39. Rf6+ Kg7
40. h5 Re1 41. h6+ Kg8 42. Rf3 Rxe5 43. Rb3 Rxg5 44. Rxb4 Rh5 45. Rh4 Rxh4 46.
gxh4 f5 47. Kg3 Kf7 48. Kf4 Kg6 49. Ke5 Kxh6 50. Kxe6 Kg6 51. Ke5 h6 52. Kf4
Kf6 53. Ke3 Ke5 54. Kf3 h5 55. Ke3 f4+ 56. Kf3 Kf5 57. Kg2 Kg4 58. Kf2 f3 59.
Kg1 Kxh4 60. Kf2 Kg4 61. Kg1 Kg3 62. Kf1 f2 0-1

[Event "Tournoi Skype 031A"]
[Site "Skype"]
[Date "????.??.??"]
[Round "6.26"]
[White "L'Herbon De Lussats, Jean"]
[Black "Alarcon Alarcon, Florentina"]
[Result "1-0"]
[WhiteElo "1233"]
[BlackElo "1397"]
[PlyCount "83"]

1. d4 d5 2. c4 c6 3. cxd5 cxd5 4. Nc3 e6 5. g3 Nc6 6. Bg2 Nf6 7. Nf3 Bb4 8. O-O
O-O 9. Bf4 Re8 10. Ne5 Bxc3 11. bxc3 Nxe5 12. Bxe5 Bd7 13. c4 Bc6 14. c5 Kh8
15. Qc2 Nd7 16. f4 Nxe5 17. fxe5 Qe7 18. e4 Rf8 19. Rf4 Qg5 20. exd5 exd5 21.
Raf1 Kg8 22. Rf5 Qe3+ 23. Qf2 Qxf2+ 24. R1xf2 Rae8 25. Bh3 g6 26. Rf6 Kg7 27.
Bg4 Re7 28. h4 h5 29. Bh3 Bd7 30. Kh2 Bxh3 31. Kxh3 Re6 32. g4 Rxf6 33. Rxf6
hxg4+ 34. Kxg4 Re8 35. h5 gxh5+ 36. Kxh5 Re6 37. Kg5 a5 38. Kf5 Re7 39. a4 Rd7
40. Rd6 Rc7 41. Rxd5 f6 42. e6 1-0

[Event "Tournoi Skype 031A"]
[Site "Skype"]
[Date "????.??.??"]
[Round "6.27"]
[White "Sequeda Pimiento, Javier Ricardo"]
[Black "Mishra, Sourabh"]
[Result "0-1"]
[WhiteElo "1395"]
[BlackElo "1335"]
[PlyCount "80"]

1. e4 e5 2. Nf3 Nc6 3. d4 exd4 4. Nxd4 Nf6 5. Nxc6 bxc6 6. Bg5 h6 7. Bh4 g5 8.
Bg3 Nxe4 9. Qe2 Qe7 10. Bxc7 d5 11. Bg3 Bg7 12. c3 h5 13. f3 Nxg3 14. Qxe7+
Kxe7 15. hxg3 Rb8 16. b3 Be5 17. g4 hxg4 18. Rxh8 Bxh8 19. Kd2 Be5 20. Na3 Bf4+
21. Kc2 gxf3 22. Re1+ Be6 23. gxf3 Rh8 24. Bd3 Rh3 25. Rf1 Rh2+ 26. Kb1 Rd2 27.
Bc2 Bd6 28. Kc1 Rh2 29. b4 a5 30. Nb1 axb4 31. cxb4 Bxb4 32. a3 Bd6 33. a4 Bf4+
34. Kd1 g4 35. a5 gxf3 36. a6 Bg4 37. Nc3 d4 38. Re1+ Be3 39. Rxe3+ dxe3 40. a7
Rh1# 0-1

[Event "Tournoi Skype 031A"]
[Site "Skype"]
[Date "????.??.??"]
[Round "6.28"]
[White "Khunte, Aniruddha"]
[Black "Escudero Ocana, Francisco"]
[Result "1-0"]
[WhiteElo "1174"]
[BlackElo "1393"]
[PlyCount "91"]

1. e4 e5 2. Nf3 Nc6 3. Bb5 d6 4. d4 exd4 5. Nxd4 Bd7 6. Nxc6 Bxc6 7. Bxc6+ bxc6
8. Nd2 Nf6 9. O-O g6 10. Re1 Be7 11. Nf3 O-O 12. e5 Nd5 13. Qd2 Re8 14. Qh6 Bf8
15. Qg5 Bg7 16. Qxd8 Raxd8 17. Bg5 Rb8 18. exd6 Rxe1+ 19. Rxe1 Rxb2 20. Re8+
Bf8 21. Bh6 Rb1+ 22. Ne1 Rxe1+ 23. Rxe1 Bxh6 24. d7 Bg5 25. d8=Q+ Bxd8 26. Re8+
Kg7 27. Rxd8 Nb4 28. Rd7 Nxa2 29. Rxc7 Nb4 30. c4 a6 31. Rb7 c5 32. h4 h5 33.
Kh2 Nd3 34. f3 Ne5 35. Rc7 Nd3 36. g4 hxg4 37. fxg4 Ne5 38. Kg3 Nxc4 39. Rxc5
Nd6 40. Rc6 Ne4+ 41. Kf4 f5 42. gxf5 gxf5 43. Rxa6 Nf6 44. Kxf5 Nd5 45. Kg5 Ne7
46. h5 1-0

[Event "Tournoi Skype 031A"]
[Site "Skype"]
[Date "????.??.??"]
[Round "6.29"]
[White "Lago Carballo, Maria Del Carmen"]
[Black "Pasasin, Alejandro"]
[Result "1-0"]
[WhiteElo "1364"]
[BlackElo "1298"]
[PlyCount "79"]

1. e4 e5 2. Nf3 Nc6 3. Nc3 Nf6 4. Bc4 d6 5. h3 Be6 6. Bxe6 fxe6 7. d3 Be7 8.
Ng5 Nd4 9. Ne2 Qd7 10. Nxd4 exd4 11. Nf3 e5 12. Bd2 O-O 13. c3 c5 14. O-O Qe8
15. Ng5 Qg6 16. Ne6 Rf7 17. Qb3 Rb8 18. Ng5 Nh5 19. Nxf7 Qxf7 20. Qxf7+ Kxf7
21. cxd4 cxd4 22. Rac1 Nf4 23. Bxf4 exf4 24. Rc7 Ke6 25. Rfc1 Bf6 26. f3 a6 27.
R1c4 Be5 28. Rb4 b6 29. Rc6 Kd7 30. Rcxb6 Rxb6 31. Rxb6 a5 32. Ra6 Kc7 33. Rxa5
Kb6 34. b4 Bf6 35. a4 h6 36. Rd5 g5 37. a5+ Ka6 38. Rxd6+ Kb5 39. Rxf6 Kxb4 40.
a6 1-0

[Event "Tournoi Skype 031A"]
[Site "Skype"]
[Date "????.??.??"]
[Round "6.30"]
[White "Davis, Michael"]
[Black "Hague, Mark"]
[Result "1/2-1/2"]
[WhiteElo "1308"]
[BlackElo "1324"]
[PlyCount "68"]

1. Nf3 Nf6 2. d4 d6 3. c4 Bg4 4. Nc3 Nbd7 5. e4 e5 6. Be2 exd4 7. Nxd4 Bxe2 8.
Qxe2 g6 9. Bg5 c6 10. Nd5 cxd5 11. exd5+ Qe7 12. Qxe7+ Bxe7 13. O-O O-O 14.
Rfe1 Rae8 15. Bh6 Bd8 16. Bxf8 Rxe1+ 17. Rxe1 Kxf8 18. Nb5 Nb6 19. Nxd6 Bc7 20.
Nb5 Bb8 21. b3 a6 22. Nc3 Bd6 23. Re2 Nbd7 24. h3 g5 25. Ne4 Nxe4 26. Rxe4 Nf6
27. Re2 h6 28. f3 Kg7 29. Kf1 h5 30. Ke1 Kg6 31. Kd2 a5 32. a4 b6 33. Kc3 Bb4+
34. Kc2 Bd6 1/2-1/2

[Event "Tournoi Skype 031A"]
[Site "Skype"]
[Date "????.??.??"]
[Round "6.31"]
[White "Bendre, Pankaj"]
[Black "Hadla, Mohammad Ali"]
[Result "1-0"]
[WhiteElo "1182"]
[BlackElo "1470"]
[PlyCount "55"]

1. d4 e5 2. dxe5 Nc6 3. f4 Bc5 4. e3 Nge7 5. Nf3 Nf5 6. Qe2 O-O 7. Na3 f6 8.
Qc4+ Kh8 9. Qxc5 fxe5 10. e4 d6 11. Qc3 Nfd4 12. f5 d5 13. Nxd4 Nxd4 14. Qg3
dxe4 15. Bc4 Nxf5 16. Qxe5 Re8 17. Qf4 e3 18. O-O e2 19. Re1 Nd4 20. Qg3 Bf5
21. c3 Nc2 22. Nxc2 Bxc2 23. Bf4 Qd7 24. Rxe2 Qc6 25. Rxc2 Qxc4 26. Bxc7 Rf8
27. Be5 Qe4 28. Qxg7# 1-0

[Event "Tournoi Skype 031A"]
[Site "Skype"]
[Date "????.??.??"]
[Round "6.32"]
[White "Grib, Johannes"]
[Black "Galani, Mahendra"]
[Result "1-0"]
[WhiteElo "1407"]
[BlackElo "1375"]
[PlyCount "105"]

1. e4 e5 2. Nf3 d6 3. d4 Nd7 4. dxe5 dxe5 5. Nc3 Bd6 6. Bc4 h6 7. Qd5 Qe7 8.
Nb5 Nb6 9. Nxd6+ cxd6 10. Bb5+ Kf8 11. Qd3 a6 12. Bc4 Nxc4 13. Qxc4 Be6 14. Qb4
b5 15. Be3 Nf6 16. O-O-O Rd8 17. Bb6 Rd7 18. Rd2 Bxa2 19. Rhd1 Ne8 20. b3 f6
21. Nh4 Kf7 22. Qa3 Bxb3 23. Qxb3+ Qe6 24. Qxe6+ Kxe6 25. Ng6 Rg8 26. Rd5 Rb7
27. Bd8 Kf7 28. Nh4 g6 29. g4 Rd7 30. Ba5 Ke6 31. Nf3 Rb7 32. Bb4 Rb6 33. h4
Rg7 34. g5 hxg5 35. hxg5 Ra7 36. Ba5 Rc6 37. gxf6 Nxf6 38. Ng5+ Ke7 39. Rh1 Ra8
40. Rd3 Rc4 41. Kb2 Rac8 42. Rc3 d5 43. exd5 Nxd5 44. Rxc4 bxc4 45. Rh7+ Kf6
46. Ne4+ Ke6 47. c3 Rb8+ 48. Kc2 Rb3 49. Nc5+ Kd6 50. Nxb3 cxb3+ 51. Kxb3 Kc5
52. Rh6 Ne7 53. Bb4+ 1-0

[Event "Tournoi Skype 031A"]
[Site "Skype"]
[Date "????.??.??"]
[Round "6.33"]
[White "Lopes, Marcia Maria"]
[Black "Perrone, Gabriel Lorenzo"]
[Result "1/2-1/2"]
[WhiteElo "1297"]
[BlackElo "1382"]
[PlyCount "103"]

1. d4 Nf6 2. Nf3 d5 3. Bf4 Bf5 4. e3 e6 5. Bd3 Bxd3 6. Qxd3 Bd6 7. Bxd6 Qxd6 8.
Nbd2 c5 9. c3 Nc6 10. O-O O-O 11. Rfe1 cxd4 12. exd4 a6 13. a4 Rab8 14. h3 b5
15. b3 b4 16. c4 a5 17. c5 Qf4 18. Qe3 Qxe3 19. Rxe3 Rfe8 20. Rae1 Nd7 21. Nf1
Re7 22. N1h2 h5 23. Rd3 Rbe8 24. Nf1 e5 25. Rdd1 exd4 26. Rxe7 Rxe7 27. Ng3
Nxc5 28. Nf5 Re8 29. N5xd4 Nxd4 30. Nxd4 Kf8 31. Kf1 g6 32. g3 Ne6 33. Nc6 Nc5
34. Nxa5 Ra8 35. Nc6 Nxb3 36. Nxb4 d4 37. Rd3 Nc5 38. Rxd4 Rxa4 39. Nc6 Rxd4
40. Nxd4 Ne6 41. Nxe6+ fxe6 42. Ke2 Kf7 43. Ke3 Kf6 44. Ke4 g5 45. f3 e5 46. g4
hxg4 47. hxg4 Ke6 48. Ke3 Kd5 49. Kd3 Kd6 50. Ke4 Ke6 51. Ke3 Kd6 52. Ke4
1/2-1/2

[Event "Tournoi Skype 031A"]
[Site "Skype"]
[Date "????.??.??"]
[Round "6.34"]
[White "Le Brun, Yves"]
[Black "Vaswani, Manohar"]
[Result "0-1"]
[WhiteElo "1321"]
[BlackElo "1238"]
[PlyCount "86"]

1. c4 e5 2. Nc3 Nf6 3. g3 Bc5 4. Bg2 c6 5. e3 d6 6. Nge2 Bg4 7. h3 Bh5 8. g4
Bg6 9. a3 Nbd7 10. Ng3 O-O 11. d4 exd4 12. exd4 Bb6 13. O-O h6 14. Bf4 Bc7 15.
g5 hxg5 16. Bxg5 Re8 17. Qd2 Qe7 18. Rae1 Qf8 19. f4 Rxe1 20. Rxe1 Bb6 21. Nce4
Nxe4 22. Nxe4 f6 23. Bh4 Re8 24. Bf2 Bf7 25. d5 cxd5 26. cxd5 Bxf2+ 27. Kxf2
Nb6 28. Nc3 Rxe1 29. Qxe1 Qe8 30. Qxe8+ Bxe8 31. b3 Kf7 32. Ke3 Kg6 33. Bf3 Kh6
34. h4 Bh5 35. Be4 Bg4 36. Nb5 Nc8 37. Nc7 f5 38. Bf3 Kh5 39. Ne8 g6 40. Nf6+
Kxh4 41. Bxg4 fxg4 42. Kf2 Ne7 43. Kg2 Nf5 0-1

[Event "Tournoi Skype 031A"]
[Site "Skype"]
[Date "????.??.??"]
[Round "6.35"]
[White "Gharbi, Said"]
[Black "Abdulrazzaq, Mohsen"]
[Result "0-1"]
[WhiteElo "1252"]
[BlackElo "1346"]
[PlyCount "92"]

1. e4 c5 2. c3 d6 3. d4 cxd4 4. cxd4 e6 5. Nf3 Nf6 6. Bg5 Be7 7. e5 dxe5 8.
Nxe5 Nc6 9. Bb5 Bd7 10. Nxc6 bxc6 11. Bc4 Qa5+ 12. Bd2 Bb4 13. O-O Bxd2 14.
Qxd2 Qxd2 15. Nxd2 Rc8 16. Ba6 Rc7 17. Rfc1 Ke7 18. Nb3 Bc8 19. Bb5 Kd6 20. Ba4
Bb7 21. Nc5 Rhc8 22. Rc2 Nd7 23. Rd1 Nxc5 24. dxc5+ Ke7 25. f4 Rd7 26. Rxd7+
Kxd7 27. Rd2+ Ke7 28. Re2 Rd8 29. Re1 Rd4 30. Bc2 Rxf4 31. Bxh7 g6 32. Re3 Rc4
33. Ra3 a6 34. Rb3 Bc8 35. Rb8 Kd7 36. Ra8 Rxc5 37. Ra7+ Ke8 38. Bg8 Rf5 39.
Rc7 Bd7 40. Ra7 e5 41. Rxa6 e4 42. Ra3 Kf8 43. Ra7 e3 44. Rxd7 e2 45. Rxf7+
Rxf7 46. Bxf7 e1=Q# 0-1

[Event "Tournoi Skype 031A"]
[Site "Skype"]
[Date "????.??.??"]
[Round "7.1"]
[White "Hahnewald, Uwe"]
[Black "Vasquez, Georges"]
[Result "1-0"]
[WhiteElo "1806"]
[BlackElo "1796"]
[PlyCount "91"]

1. d4 Nf6 2. Nf3 g6 3. c4 Bg7 4. Nc3 O-O 5. Bg5 h6 6. Bh4 d6 7. e3 c6 8. Be2
Nbd7 9. Qc2 Re8 10. Nd2 Qc7 11. Rc1 e5 12. O-O Nf8 13. d5 c5 14. e4 g5 15. Bg3
Ng6 16. f3 Nh5 17. Bf2 Nhf4 18. a3 Qe7 19. b4 b6 20. Rfe1 h5 21. Nf1 Bf6 22.
Ne3 a6 23. bxc5 bxc5 24. Rb1 Kh7 25. Rb6 Rd8 26. Reb1 Nxe2+ 27. Nxe2 g4 28.
fxg4 hxg4 29. Ng3 Qf8 30. Ngf5 Nf4 31. Nxg4 Bg5 32. h4 Be7 33. Nge3 Rd7 34. Qd1
Bd8 35. R6b3 Qg8 36. Qf3 Bc7 37. Bg3 Qg6 38. Bxf4 exf4 39. Qxf4 Bd8 40. Ng4 Bf6
41. Rg3 Rd8 42. Ngh6 Qh5 43. Nxf7 Bd4+ 44. Nxd4 Rf8 45. Ng5+ Kg8 46. Nge6+ 1-0

[Event "Tournoi Skype 031A"]
[Site "Skype"]
[Date "????.??.??"]
[Round "7.2"]
[White "Lopez, Jose Luis"]
[Black "Calcino, Luis"]
[Result "1-0"]
[WhiteElo "1651"]
[BlackElo "1680"]
[PlyCount "89"]

1. d4 d5 2. Bf4 e6 3. e3 Bd6 4. Bg3 Nf6 5. Bd3 c6 6. Nf3 Qc7 7. c4 dxc4 8. Bxc4
Nbd7 9. Nc3 O-O 10. Bxd6 Qxd6 11. O-O b5 12. Bd3 Bb7 13. Rc1 a6 14. Qe2 e5 15.
Rfd1 Qe7 16. Ne4 Rac8 17. dxe5 Nxe5 18. Nxe5 Nxe4 19. Nd7 Qxd7 20. Bxe4 Qe7 21.
Qf3 Rc7 22. Rc2 c5 23. Bxb7 Rxb7 24. Rxc5 Qxc5 25. Qxb7 Qc2 26. Rf1 Qxb2 27.
Qxa6 g6 28. g3 Rd8 29. a4 b4 30. a5 b3 31. Qb6 Rf8 32. a6 Qa2 33. a7 b2 34. e4
h5 35. f4 Ra8 36. Qb8+ Rxb8 37. axb8=Q+ Kh7 38. Qb7 Kh6 39. Qb4 Qa1 40. Qf8+
Kh7 41. Qxf7+ Kh6 42. Qb3 Qa7+ 43. Kg2 Qd4 44. Kf3 Qd2 45. Rb1 1-0

[Event "Tournoi Skype 031A"]
[Site "Skype"]
[Date "????.??.??"]
[Round "7.3"]
[White "Rico Hernandez, Edgar"]
[Black "Thavorath, Nirandas"]
[Result "0-1"]
[WhiteElo "1701"]
[BlackElo "1335"]
[PlyCount "46"]

1. d4 d5 2. c4 dxc4 3. Nc3 Bf5 4. e4 Bg6 5. Bxc4 e6 6. Nf3 Nf6 7. e5 Nd5 8.
Bxd5 exd5 9. Qb3 Nc6 10. Nxd5 Be4 11. Nc3 Bxf3 12. gxf3 Nxd4 13. Qd1 Qh4 14. f4
O-O-O 15. Be3 Bc5 16. O-O Qh3 17. Bxd4 Rxd4 18. Qc2 Qg4+ 19. Kh1 Qf3+ 20. Kg1
Rxf4 21. Ne2 Bxf2+ 22. Rxf2 Qxf2+ 23. Kh1 Rh4 0-1

[Event "Tournoi Skype 031A"]
[Site "Skype"]
[Date "????.??.??"]
[Round "7.4"]
[White "Lambert, Pierre"]
[Black "Grosso, Raul"]
[Result "0-1"]
[WhiteElo "1660"]
[BlackElo "1746"]
[PlyCount "30"]

1. e4 c5 2. c3 Nf6 3. e5 Nd5 4. d4 cxd4 5. Qxd4 e6 6. Nf3 Nc6 7. Qe4 f5 8. Qe2
Qc7 9. g3 b6 10. Bg2 Ncb4 11. Nbd2 Ba6 12. c4 Nc2+ 13. Kd1 Nxa1 14. Nd4 Rc8 15.
Bf1 b5 0-1

[Event "Tournoi Skype 031A"]
[Site "Skype"]
[Date "????.??.??"]
[Round "7.5"]
[White "Gungor, Gokhan"]
[Black "Elias, Roberto"]
[Result "0-1"]
[WhiteElo "1550"]
[BlackElo "1671"]
[PlyCount "44"]

1. e4 e5 2. Bc4 Nf6 3. d3 Nc6 4. a3 Bc5 5. Nf3 O-O 6. O-O d5 7. exd5 Nxd5 8.
Nbd2 Bg4 9. c3 Nb6 10. Ne4 Nxc4 11. Nxc5 Nd6 12. Re1 b6 13. Ne4 h6 14. Qa4 Bxf3
15. Qxc6 Nxe4 16. dxe4 Bh5 17. Be3 Re8 18. f3 Re6 19. Qa4 Rg6 20. Kf2 Qh4+ 21.
Kg1 Bxf3 22. Qc2 Bxe4 0-1

[Event "Tournoi Skype 031A"]
[Site "Skype"]
[Date "????.??.??"]
[Round "7.6"]
[White "Segura Lozano, Marcos Antonio"]
[Black "Karia, Vijay"]
[Result "1-0"]
[WhiteElo "1804"]
[BlackElo "1447"]
[PlyCount "71"]

1. e4 d5 2. exd5 Qxd5 3. Nc3 Qa5 4. d4 c6 5. Nf3 Nf6 6. Bd3 Bg4 7. O-O e6 8. h3
Bh5 9. Bf4 Qb6 10. g4 Bg6 11. Na4 Qd8 12. Qe2 Bd6 13. Ne5 Bxd3 14. Qxd3 Qc7 15.
Bg3 Nbd7 16. Rfe1 Rd8 17. Qf3 O-O 18. Rac1 h6 19. Nc3 a6 20. Kg2 b5 21. Nxc6
Bxg3 22. Nxd8 Rxd8 23. Ne4 Bd6 24. h4 Nxe4 25. Rxe4 Nf6 26. Re2 Qc4 27. g5 hxg5
28. hxg5 Nh7 29. Rh1 Be7 30. Qh3 Qd5+ 31. Kf1 Kf8 32. Qxh7 Bxg5 33. c3 Ke7 34.
Rh5 f6 35. Qxg7+ Kd6 36. Rh7 1-0

[Event "Tournoi Skype 031A"]
[Site "Skype"]
[Date "????.??.??"]
[Round "7.7"]
[White "Bagayatkar, Madan"]
[Black "Deville, Olivier"]
[Result "0-1"]
[WhiteElo "1434"]
[BlackElo "1751"]
[PlyCount "42"]

1. e4 g6 2. d4 Bg7 3. Nf3 d6 4. h3 Nf6 5. Nc3 O-O 6. Bc4 Nc6 7. O-O a6 8. Bg5
b5 9. Bd3 h6 10. Be3 e5 11. dxe5 dxe5 12. Qd2 Kh7 13. Nh2 Qe7 14. a3 Rd8 15.
Nd5 Nxd5 16. exd5 Nd4 17. Bxd4 exd4 18. c3 dxc3 19. bxc3 Qc5 20. Rac1 Qxd5 21.
Rfd1 Bf5 0-1

[Event "Tournoi Skype 031A"]
[Site "Skype"]
[Date "????.??.??"]
[Round "7.8"]
[White "Garcia Andrinal, Antonio"]
[Black "Herrera, Oscar"]
[Result "1-0"]
[WhiteElo "1632"]
[BlackElo "1261"]
[PlyCount "103"]

1. e4 e5 2. Nf3 Nc6 3. Bc4 h6 4. O-O Bc5 5. c3 a6 6. d4 exd4 7. cxd4 Bb6 8. Nc3
d6 9. h3 Nf6 10. Re1 O-O 11. Bf4 Re8 12. d5 Nh5 13. Bh2 Na5 14. Bd3 c5 15. dxc6
bxc6 16. Bc2 Bc7 17. Nd4 c5 18. Qxh5 cxd4 19. Qd5 Bb7 20. Qxd4 Nc6 21. Qd2 Ne5
22. Nd5 Nc4 23. Qc3 Bxd5 24. exd5 Rxe1+ 25. Rxe1 Nb6 26. Qd3 g6 27. Bf4 Qh4 28.
Bg3 Qf6 29. b3 Nd7 30. Qe4 Nc5 31. Qe7 Qxe7 32. Rxe7 Rc8 33. Bd1 Nd3 34. Re4
Bb6 35. Re2 Rc1 36. Rd2 Nb2 37. Rxb2 Rxd1+ 38. Kh2 Rxd5 39. Rc2 Rd3 40. Rc6 Bc5
41. Rxa6 d5 42. Be5 d4 43. Ra8+ Bf8 44. Bd6 Kh7 45. Rxf8 Rd1 46. Be5 g5 47.
Rxf7+ Kg8 48. Rd7 d3 49. Bc3 Kf8 50. Kg3 Ke8 51. Rd4 Ke7 52. Kf3 1-0

[Event "Tournoi Skype 031A"]
[Site "Skype"]
[Date "????.??.??"]
[Round "7.9"]
[White "Saponara, Jose Maria"]
[Black "Alvarez, Juan Evangelista"]
[Result "1-0"]
[WhiteElo "1516"]
[BlackElo "1474"]
[PlyCount "69"]

1. e4 Nf6 2. e5 Nd5 3. d4 d6 4. c4 Nb6 5. exd6 Qxd6 6. Nf3 Bg4 7. Be2 Bxf3 8.
gxf3 c5 9. dxc5 Qxc5 10. Nc3 N8d7 11. Be3 Qb4 12. Qb3 e5 13. O-O O-O-O 14. Rfc1
Bc5 15. Ne4 Qxb3 16. axb3 Bxe3 17. fxe3 Kb8 18. b4 Rhe8 19. Kf2 g5 20. Nxg5 f5
21. Nf7 Rc8 22. Nd6 Re6 23. Nxc8 Nxc8 24. c5 Nf6 25. Bc4 Re7 26. b5 e4 27. f4
Rg7 28. h3 Ne7 29. Rd1 Ng6 30. b6 axb6 31. cxb6 Ne7 32. Rd8+ Nc8 33. Be6 Rc7
34. Bxc8 Rc2+ 35. Ke1 1-0